<?xml version="1.0" encoding="UTF-8"?>
<record
    xmlns:xsi="http://www.w3.org/2001/XMLSchema-instance"
    xsi:schemaLocation="http://www.loc.gov/MARC21/slim http://www.loc.gov/standards/marcxml/schema/MARC21slim.xsd"
    xmlns="http://www.loc.gov/MARC21/slim">

  <leader>02324cgm a2200373 i 4500</leader>
  <controlfield tag="001">57474</controlfield>
  <controlfield tag="003">SIRSI</controlfield>
  <controlfield tag="005">20250703142512.0</controlfield>
  <controlfield tag="007">cr*c|a|||aumba</controlfield>
  <controlfield tag="008">180619s2017    ck 016 g          vcspa  </controlfield>
  <datafield tag="040" ind1=" " ind2=" ">
    <subfield code="a">CO-BoRNBP</subfield>
    <subfield code="b">spa</subfield>
    <subfield code="e">rda</subfield>
    <subfield code="c">CO-BoRNBP</subfield>
  </datafield>
  <datafield tag="082" ind1="0" ind2="4">
    <subfield code="a">617.9</subfield>
    <subfield code="2">23</subfield>
  </datafield>
  <datafield tag="245" ind1="0" ind2="1">
    <subfield code="a">[Pr&#xF3;tesis] /</subfield>
    <subfield code="c">personajes, Jennifer Lelbovici, Juan Sebastian Quintero, Nicol&#xE1;s Barrag&#xE1;n</subfield>
  </datafield>
  <datafield tag="250" ind1=" " ind2=" ">
    <subfield code="a">1a. edici&#xF3;n</subfield>
  </datafield>
  <datafield tag="264" ind1=" " ind2="0">
    <subfield code="a">[Bogot&#xE1;] :</subfield>
    <subfield code="b">Colciencias :</subfield>
    <subfield code="b">RTVC,</subfield>
    <subfield code="c">[2017]</subfield>
  </datafield>
  <datafield tag="300" ind1=" " ind2=" ">
    <subfield code="a">1 recurso en l&#xED;nea (1 archivo de video: 15 min., 42 seg.) :</subfield>
    <subfield code="b">sonido, color</subfield>
  </datafield>
  <datafield tag="336" ind1=" " ind2=" ">
    <subfield code="a">texto</subfield>
    <subfield code="b">txt</subfield>
    <subfield code="2">rdacontent</subfield>
  </datafield>
  <datafield tag="337" ind1=" " ind2=" ">
    <subfield code="a">sin mediaci&#xF3;n</subfield>
    <subfield code="b">n</subfield>
    <subfield code="2">rdamedia</subfield>
  </datafield>
  <datafield tag="338" ind1=" " ind2=" ">
    <subfield code="a">volumen</subfield>
    <subfield code="b">nc</subfield>
    <subfield code="2">rdacarrier</subfield>
  </datafield>
  <datafield tag="347" ind1=" " ind2=" ">
    <subfield code="a">archivo de video:</subfield>
    <subfield code="b">HTML:</subfield>
    <subfield code="b">MP4,</subfield>
    <subfield code="c">76 MB</subfield>
    <subfield code="2">rda</subfield>
  </datafield>
  <datafield tag="490" ind1="0" ind2=" ">
    <subfield code="a">Cient&#xED;fico por un d&#xED;a</subfield>
  </datafield>
  <datafield tag="506" ind1="1" ind2=" ">
    <subfield code="a">Para consulta &#xFA;nicamente a trav&#xE9;s de Internet</subfield>
  </datafield>
  <datafield tag="520" ind1=" " ind2=" ">
    <subfield code="a">Juanse ha comprado una impresora 3D, pero a Jennifer le parece que es una novedosa forma de producir m&#xE1;s basura. Juanse la reta a que averig{uml}ue qu&#xE9; se est&#xE1; haciendo con las impresoras y c&#xF3;mo es el proceso para hacer el filamento con el que se imprime. Al visitar a quien vendi&#xF3; la impresora, le explica c&#xF3;mo es el proceso para crear el filamento y le muestra las cosas que se pueden hacer con ella. Entre esas cosas, est&#xE1; imprimiendo partes para una pr&#xF3;tesis que una fundaci&#xF3;n va a entregar a un ni&#xF1;o que le falta una mano. Esto sorprende a Jennifer y pide que la inviten a conocer la fundaci&#xF3;n</subfield>
  </datafield>
  <datafield tag="538" ind1=" " ind2=" ">
    <subfield code="a">Requerimientos de sistema: Adobe Flash Player y/o Quicktime</subfield>
  </datafield>
  <datafield tag="540" ind1=" " ind2=" ">
    <subfield code="a">Todos los derechos reservados. Est&#xE1; prohibido todo tipo de reproducci&#xF3;n sin autorizaci&#xF3;n del autor o de los derechohabientes. Fuente;</subfield>
    <subfield code="b">Biblioteca Nacional de Colombia</subfield>
  </datafield>
  <datafield tag="650" ind1="0" ind2="4">
    <subfield code="a">Pr&#xF3;tesis</subfield>
    <subfield code="x">Innovaciones tecnol&#xF3;gicas</subfield>
    <subfield code="2">LEMB</subfield>
    <subfield code="9">60748</subfield>
  </datafield>
  <datafield tag="655" ind1=" " ind2="4">
    <subfield code="a">Video digital</subfield>
    <subfield code="9">314569</subfield>
  </datafield>
  <datafield tag="700" ind1="1" ind2=" ">
    <subfield code="a">Barrag&#xE1;n, Nicol&#xE1;s,</subfield>
    <subfield code="e">presentador en pantalla</subfield>
    <subfield code="9">60749</subfield>
  </datafield>
  <datafield tag="700" ind1="1" ind2=" ">
    <subfield code="a">Leibovici, Jennifer,</subfield>
    <subfield code="d">1981-,</subfield>
    <subfield code="e">presentador en pantalla</subfield>
    <subfield code="9">60750</subfield>
  </datafield>
  <datafield tag="700" ind1="1" ind2=" ">
    <subfield code="a">Quintero, Juan Sebastian,</subfield>
    <subfield code="d">1988-,</subfield>
    <subfield code="e">presentador en pantalla</subfield>
    <subfield code="9">60751</subfield>
  </datafield>
  <datafield tag="856" ind1="4" ind2="0">
    <subfield code="y">Ver Video</subfield>
    <subfield code="u">http://catalogoenlinea.bibliotecanacional.gov.co/client/es_ES/search/stream/185135</subfield>
  </datafield>
  <datafield tag="856" ind1="4" ind2="2">
    <subfield code="y">Ver Video en COLCIENCIAS</subfield>
    <subfield code="u">http://todoesciencia.gov.co/todo_es_ciencia/cientifico_dia/cx1dia-cap-12-protesis</subfield>
  </datafield>
  <datafield tag="942" ind1=" " ind2=" ">
    <subfield code="2">ddc</subfield>
    <subfield code="c">BK</subfield>
  </datafield>
  <datafield tag="999" ind1=" " ind2=" ">
    <subfield code="c">57474</subfield>
    <subfield code="d">57474</subfield>
  </datafield>
</record>
